000 00974cab a2200181 4500
001 ##L131276
008 051017n2005 000 0 eng u
035 _a(Sirsi) u131276
041 0 _aeng
100 1 _aTinworth, Adam
245 _aLet's find out where it's at
260 3 _c2005
490 0 _aEstates Gazette
_v(0540) 8 October 2005, 68-69(2)
520 _aLooks at ways of finding the best location to develop in the third of four articles on property research (see also L131110 and L131183). Describes the development of location research, the introduction of GIS systems, the source of primary data and the concept of gravity modelling but insists site visits are still vital. Getting investors and developers to use location models remains a key challenge. Location researchers will need to hone their predictive ability to smaller and smaller areas in future, even to street level
590 _aIKA251005
690 _aPROPERTY-PROPERTY MARKET
942 _n0
999 _c76016
_d76016